|
|
|
|
| LEADER |
00000nab a2200000ua 4500 |
| 001 |
vtls010839300 |
| 003 |
SK-MaSNL |
| 005 |
20260303144206.0 |
| 008 |
230222s1989 xo |||||||||||||||||eng| |
| 035 |
|
|
|a (urnnbn)urn:nbn:sk:snk:ar-a06wjj
|
| 035 |
|
|
|a urn:nbn:sk:snk-ab62cn
|
| 035 |
|
|
|a (uuid)a719ad51-4fa7-4f41-982a-1c36efeaa7ac
|
| 040 |
|
|
|a SNKBUCL
|b slo
|c SNKBUCL
|e AACR2
|
| 041 |
0 |
|
|a eng
|
| 044 |
|
|
|a xo
|c SK
|
| 100 |
1 |
|
|a Krupa, Viktor,
|d 1936-2021
|4 aut
|9 5206
|
| 245 |
1 |
0 |
|a REMARKS ON CREATIVITY IN LANGUAGE
|c Viktor Krupa
|
| 773 |
0 |
|
|t Asian and African studies
|g Roč. 24, č. 1 (1989), s. 11-17
|
| 958 |
|
|
|a OND
|
| 958 |
|
|
|a EUIPO
|
| 958 |
|
|
|a article5
|
| 999 |
|
|
|c 1995342
|d 1997272
|